| 000 | 00460 a2200145 4500 | ||
|---|---|---|---|
| 999 |
_c9 _d9 |
||
| 020 | _a9780415429580 | ||
| 050 | _aB824.6 MOR 2008 | ||
| 100 |
_aMoran, Dermot _eeditor |
||
| 245 |
_aThe Routledge Companion to Twentieth Century Philosophy / _cDermot Moran |
||
| 264 |
_aLondon : _bRoutledge, _c2010 |
||
| 300 |
_axvi, 1024 pages : _billustrations ; 25 cm. |
||
| 500 | _alncludes index | ||
| 650 |
_aPhilosophy -- Modern _x20th century. |
||
| 942 |
_2lcc _cBK _h824.6 _iMOR _kB |
||